| 000 | 00000nam##2200000za#4500 |
| 001 | 9.530393 |
| 003 | CaOODSP |
| 005 | 20200327071501 |
| 007 | ta |
| 008 | 150406|1998||||xxc||||| f|0| 0 fre|d |
| 020 | |a0-660-60503-1 |
| 040 | |aCaOODSP|bfre |
| 041 | |aeng |
| 041 | |afre |
| 043 | |an-cn--- |
| 086 | 1 |aBT31-2/1999-III-83 |
| 110 | 1 |aCanada. |bConseil du trésor. |
| 245 | 10|aComité externe d'examen de la GRC |
| 260 | |aOttawa - Ontario : |bSecrétariat du Conseil du Trésor du Canada |c1998. |
| 300 | |aTexte français, 16p. : |borganigramme, tableaux ; |c28 cm. |
| 490 | 1 |aBudget des dépenses 1998-1999, partie III: Rapport sur les plans et les priorités |
| 546 | |aBilingue |
| 563 | |aCouverture souple |
| 590 | |a98-14|b1998-04-03 |
| 776 | 0#|tRCMP External Review Committee, 1998-99 estimates, report on plans and priorities |w(CaOODSP)9.567675 |
| 776 | 0#|tComité externe d'examen de la GRC, 1998-1999 budget des dépenses, rapport sur les plans et les priorités |w(CaOODSP)9.599005 |
| 791 | |tRCMP External Review Committee |eeng|w(CaOODSP)9.530392 |
| 830 | #0|aBudget des dépenses 1998-1999, partie III: Rapport sur les plans et les priorités.|w(CaOODSP)9.508961 |